000 00417nam a2200181Ia 4500
005 20240823040532.0
008 240823s9999||||xx |||||||||||||| ||und||
041 _aTAMIL
082 _A894.8117 P6
100 _aPriya Balu
245 0 _aAringnarkal Vazhalvil Nagaisuvai
250 _a1st
260 _c2006
_bVanavil Pathi
500 _aYES
650 _aTamil Books
_bGeneral
942 _cBK
999 _c203341
_d203341